| 000 | 00639nam a2200241 a 4500 | ||
|---|---|---|---|
| 001 | nice12345678 | ||
| 003 | IN_TiNIC | ||
| 005 | 20260116014957.0 | ||
| 008 | 130523s1999 nasa grp 000 0 eng | ||
| 020 |
_a9780805418347 _c250 |
||
| 082 | 0 | 0 |
_a248.483 _bRIC |
| 100 | _aRichard, Ramesh | ||
| 245 |
_aMending Your Soul _b The Spiritual Path to Inner Wholeness |
||
| 260 |
_aNashville _bBroadman and Holman Publishers _c1999 |
||
| 300 | _a154p | ||
| 500 | _aincludes index and biblioraphy | ||
| 505 | 2 | _aEndnotes | |
| 650 | _aSpiritual Life | ||
| 700 | 1 | _aRichard, Ramesh | |
| 902 | _bSRS | ||
| 942 | _cBK | ||
| 999 |
_c17806 _d17806 |
||